Central Library OPAC University of Rajshahi

A handbook for professional / (Record no. 19627)

MARC details
000 -LEADER
fixed length control field 00601nam a22002177a 4500
001 - CONTROL NUMBER
control field 19627
003 - CONTROL NUMBER IDENTIFIER
rucl marc code BD-RjUL
005 - DATE AND TIME OF LATEST TRANSACTION
control field 20211209000445.0
008 - FIXED-LENGTH DATA ELEMENTS--GENERAL INFORMATION
fixed length control field 140225s2005 bg ||||| |||| 00| 0 eng d
020 ## - INTERNATIONAL STANDARD BOOK NUMBER
International Standard Book Number 9843223454
035 ## - SYSTEM CONTROL NUMBER
System control number (BD-RjUL)19687
040 ## - CATALOGING SOURCE
Original cataloging agency BD-RjUL
Language of cataloging eng
Transcribing agency BD-RjUL
Modifying agency BD-RjUL
041 ## - LANGUAGE CODE
Language code of text/sound track or separate title eng
082 04 - DEWEY DECIMAL CLASSIFICATION NUMBER
Classification number 658.91374
Author mark and year AHH 2005
100 1# - MAIN ENTRY--PERSONAL NAME
Personal name Ahmad, Moslem Uddin
9 (RLIN) 60299
245 1# - TITLE STATEMENT
Title A handbook for professional /
Statement of responsibility, etc. by Moslem Uddin Ahmad
260 ## - PUBLICATION, DISTRIBUTION, ETC. (IMPRINT)
Place of publication, distribution, etc. Dhaka :
Name of publisher, distributor, etc. Gemini editing media,
Date of publication, distribution, etc. 2005.
300 ## - PHYSICAL DESCRIPTION
Pagination 86p. ;
Size 22cm.
650 #0 - SUBJECT ADDED ENTRY--TOPICAL TERM
Topical term or geographic name as entry element Continuing education
9 (RLIN) 60300
942 ## - ADDED ENTRY ELEMENTS (KOHA)
Source of classification or shelving scheme Dewey Decimal Classification
Koha item type Books
Holdings
Lost status Source of classification or shelving scheme Damaged status Not for loan Collection code Permanent Location Current Location Shelving location Date acquired Total Checkouts Full call number Date last seen Copy number Koha item type
  Dewey Decimal Classification     Non-fiction Central Library, University of Rajshahi Central Library, University of Rajshahi   13/04/2008   658.91374 AHH 2005 25/02/2014 C-3 Books